| 000 | 00969nam a22002777a 4500 | ||
|---|---|---|---|
| 005 | 20141009115244.0 | ||
| 008 | 141009t2014 xxkk frb 001 0 eng d | ||
| 020 | _a9781292042077 | ||
| 040 | _aEG-ScBUE | ||
| 082 | 0 | 0 |
_222 _a616.8914 _bBER |
| 100 | 1 |
_aBernard, Janine M. _936169 |
|
| 245 | 1 | 0 |
_aFundamentals of clinical supervision / _cJanine M. Bernard, Rodney K. Goodyear. |
| 250 |
_a5th ed., _bPearson new international ed. |
||
| 260 |
_aHarlow, United Kingdom : _bPearson Education Limited, _cc.2014. |
||
| 300 |
_all, 353 p. : _bforms ; _c28 cm. |
||
| 490 | 0 | _aAlways Learning | |
| 500 | _aIndex : p. 345-353. | ||
| 504 | _aBibliography : p. 291-344. | ||
| 650 | 0 |
_aPsychotherapists _xSupervision of _936171 |
|
| 650 | 0 |
_aCounselors _xSupervision of _936172 |
|
| 650 | 0 |
_aClinical psychologists _xSupervision of _936173 |
|
| 653 |
_bNNUR _cOctober2014 |
||
| 655 |
_vreading book _934232 |
||
| 700 | 1 |
_aGoodyear, Rodney K. _936170 |
|
| 942 |
_2ddc _k616.8914 BER |
||
| 999 |
_c18439 _d18411 |
||